000
00301nam a22001337a 4500
003
OSt
008
240409b |||||||| |||| 00| 0 eng d
020
_a
9780070145252
100
_a
CROSBY,Philip B
245
_a
Reflections on Quality
260
_a
New Delhi
_b
TMH
300
_a
147
942
_2
ddc
_c
REF
999
_c
12414
_d
12414